000
00332pab a2200145 454500
008
180718b1984 xxu||||| |||| 00| 0 eng d
100
_a
Padaki, Rupande
245
_a
Performance review and counselling
260
_c
1984
300
_a
3-9
362
_a
Mar.
650
_a
Counselling
773
_a
India Management
909
_a
6814
999
_c
6814
_d
6814